| 000 | 00417nam a2200181Ia 4500 | ||
|---|---|---|---|
| 003 | STCL | ||
| 008 | 221019s9999 xx 000 0 und d | ||
| 020 | _a9780198289289 | ||
| 040 |
_aSTCL _cSTCL _bEN |
||
| 082 | _222 | ||
| 100 | _aSen, Amartya | ||
| 245 | 0 | _aInequality reexamined | |
| 260 |
_bOxford University _aNew Delhi _c2015 |
||
| 300 | _a207 p | ||
| 365 | _b310 | ||
| 546 | _aEnglish | ||
| 942 |
_cBK _2DDC _e22 |
||
| 999 |
_c88075 _d88075 |
||